Biblioteca

El conflicto de las interpretaciones del concilio (Registro nro. 61242)

Detalles MARC
000 -LÍDER
Campo fijo de descripción fija 003330000a22001090004500
100 1# - ASIENTO PRINCIPAL--NOMBRE PERSONAL
Nombre personal Lefebvre, Solange
245 10 - TÍTULO
Título del Material El conflicto de las interpretaciones del concilio
300 ## - DESCRIPCIÓN FÍSICA
Extensión Vol.314, núm.314 (Febrero, 2006), Páginas 111-122
500 ## - NOTA GENERAL
Nota General Subtítulo : El debate entre Ratzinger y Kasper
773 0# - HOST ITEM ENTRY
Title Concilium
942 ## - TIPO DE MATERIAL (KOHA)
Tipo de Item KOHA Artículos de Revista
Existencias
Estado de Material Estado de Perdido Estado de Dañado No para Préstamo Colección Biblioteca de Origen Biblioteca Permanente Fecha de Adquisición Total de Préstamos Signatura Topográfica Última vez visto Fecha de Remplazo Tipo de Material
        Colección de Hemeroteca Biblioteca FUSBC Biblioteca FUSBC 26/01/2016   26/01/2016 26/01/2016 Artículos de Revista

Biblioteca FUSBC | Teléfono: (57+4) 349 88 10 Ext. 141| WhatsApp (+57) 3005338115 
E-mail: biblioteca@unisbc.edu.co | Calle 76 87-14 Robledo Palenque, Medellín, Colombia

Con tecnología Koha